| 000 | 00427nam a2200181Ia 4500 | ||
|---|---|---|---|
| 001 | 2086 | ||
| 005 | 20260306143816.0 | ||
| 008 | 260306t2018||||xx |||||||||||||| ||spa|| | ||
| 041 | _aESP | ||
| 082 |
_a612.8 _bB25 |
||
| 100 |
_aBarrio Alba, Antonio del _eAUT |
||
| 245 | 0 | _aEl informe neuropsicológico | |
| 260 | _c2018 | ||
| 300 |
_a279 páginas : _c23 cm. |
||
| 650 | _aGEN | ||
| 654 | _aCPS | ||
| 942 |
_cLIB _dJUS _fJUS _2ddc _n |
||
| 999 |
_c2086 _d2086 |
||